| LEADER |
00629nam0a2200193 450 |
| 001 |
16841876 |
| 010 |
|
|
|a 978-2-924645-22-2
|b rel.
|d 15
|
| 100 |
|
|
|a 20230203d2023 u u0frey01 ba
|
| 101 |
0 |
|
|a fre
|
| 102 |
|
|
|a CA
|
| 200 |
0 |
|
|a Debout !
|f Michaël Escoffier, Nathalie Dion
|
| 207 |
|
1 |
|a
|
| 210 |
|
|
|a Sherbrooke
|c d'eux
|d 2023
|
| 215 |
|
|
|a 1 vol. (non paginé [33] p.)
|c ill. en coul.
|d 21 cm
|
| 700 |
|
0 |
|a Escoffier
|b Michaël
|f 1970-....
|4 70
|
| 701 |
|
0 |
|a Dion
|b Nathalie
|f 1964-....
|4 70
|
| 900 |
|
|
|a Album
|
| 901 |
|
|
|a Accessible au prêt
|
| 995 |
|
|
|a Bibliothèque
|c Bibliothèque
|f 024023432
|h 024023432
|k A ESC
|o p
|q j
|r az
|e Bibliothèque
|